000 00767nam a2200265 i 4500
001 C2-0293691
003 PPAK
005 20180728025513.0
008 090203s2008 xxca|||| ||||| | eng d
020 _a9780778728177
040 _aPPAK
_beng
_cPPAK
_erda
082 0 4 _a621.38409
_223
090 0 0 _a621.38409
_bFED
_dR
100 1 _aFedunkiw, Marianne,
_eauthor
245 1 0 _aInventing the radio
264 1 _aCanada :
_bCrabtree Publishing ,
_c2008
300 _a32 pages :
_bcolour illustrations ;
_c28 cm
336 _2rdacontent
_atext
337 _2rdamedia
_aunmediated
338 _2rdacarrier
_avolume
490 1 _aBreakthrough inventions
650 1 0 _aRadio - History - Juvenile literature.
830 0 _aBreakthrough inventions
942 _ddc
_cB
999 _c98376
_d98376